ბათუმის შოთა რუსთაველის სახელმწიფო უნივერსიტეტის ბიბლიოთეკა

Международные конфликты : (ბიბ.ჩანაწერი № 54296)

000 -LEADER
fixed length control field 01083nam a2200289Ia 4500
001 - CONTROL NUMBER
control field 21352
003 - CONTROL NUMBER IDENTIFIER
control field GE_BSU
005 - DATE AND TIME OF LATEST TRANSACTION
control field 20211029151914.0
008 - FIXED-LENGTH DATA ELEMENTS--GENERAL INFORMATION
fixed length control field 181216s2017||||ru |||||||||||||| ||rus||
020 ## - INTERNATIONAL STANDARD BOOK NUMBER
International Standard Book Number 9785756708745
040 ## - CATALOGING SOURCE
Transcribing agency GE_BSU
080 ## - UNIVERSAL DECIMAL CLASSIFICATION NUMBER
Universal Decimal Classification number 327 Н-62
100 ## - MAIN ENTRY--PERSONAL NAME
Personal name Никитин, А. И.
9 (RLIN) 12756
245 ## - TITLE STATEMENT
Title Международные конфликты :
Remainder of title Вмешательство, миротворчество, урегулирование /
Statement of responsibility, etc. А. И. Никитин.
264 ## - PRODUCTION, PUBLICATION, DISTRIBUTION, MANUFACTURE, AND COPYRIGHT NOTICE
Place of production, publication, distribution, manufacture Москва :
Name of producer, publisher, distributor, manufacturer Аспект-Пресс,
Date of production, publication, distribution, manufacture, or copyright notice 2017.
300 ## - PHYSICAL DESCRIPTION
Extent 383 стр. ;
Dimensions 24 см.
653 ## - INDEX TERM--UNCONTROLLED
keyword Международные конфликты
653 ## - INDEX TERM--UNCONTROLLED
keyword Вмешательство
653 ## - INDEX TERM--UNCONTROLLED
keyword миротворчество
653 ## - INDEX TERM--UNCONTROLLED
keyword урегулирование
653 ## - INDEX TERM--UNCONTROLLED
keyword Политика
653 ## - INDEX TERM--UNCONTROLLED
keyword პოლიტიკა
653 ## - INDEX TERM--UNCONTROLLED
keyword საერთაშორისო კონფფლიქტები
710 ## - ADDED ENTRY--CORPORATE NAME
Corporate name or jurisdiction name as entry element Московский гос. ин-т междунар. отнош.
9 (RLIN) 12464
942 ## - ADDED ENTRY ELEMENTS (KOHA)
Koha item type წიგნი
Source of classification or shelving scheme
ეგზემპლარები
Withdrawn status Lost status Source of classification or shelving scheme Damaged status Not for loan Permanent Location Current Location Shelving location Date acquired Cost, normal purchase price Full call number Barcode Date last seen Copy number Price effective from Koha item type Public note
          ბათუმის შოთა რუსთაველის სახელმწიფო უნივერსიტეტის მთავარი ბიბლიოთეკა ბათუმის შოთა რუსთაველის სახელმწიფო უნივერსიტეტის მთავარი ბიბლიოთეკა წიგნსაცავი 2018-12-17 101.00 327 Н-62 55284 2018-12-17 55284 2018-12-17 წიგნი 101.00 GEL.